| 000 | 01263nam a2200361 a 4500 | ||
|---|---|---|---|
| 005 | 20240412132739.0 | ||
| 008 | 100309s1995||||sp f0 s 1s0 spa d | ||
| 020 | _a9700502163 | ||
| 041 | _aspa | ||
| 092 |
_c171.3 _l77 _sSAV |
||
| 100 | 1 |
_aSavater, Fernando _93115 |
|
| 245 |
_aÉtica como amor propio / _cFernando Savater |
||
| 250 | _a1a ed. | ||
| 260 |
_aMexico: _bGrijalbo; _c1991. |
||
| 300 | _a321 p. | ||
| 500 | _aSavater, F. (1991). Ética como amor propio. (1a ed.). México : Grijalbo. | ||
| 590 | _aDonacion Dora Vera, febrero 2017. | ||
| 653 | 3 | _aEl amor propio y la fundamentacion de los valores | |
| 653 | 3 | _aEl ideal del amor propio | |
| 653 | _aTopologia de la virtud | ||
| 653 | 3 | _aEl escandalo del placer | |
| 653 | 3 | _aLa sociedad individualizante | |
| 653 | _aFundamento y disputa de los derechos humanos | ||
| 653 | 3 | _aEl pesimismo ilustrado | |
| 653 | _aSchopenhauer : la crisis del amor propio | ||
| 653 | _aHeidegger para la etica | ||
| 653 | 3 | _aLo abierto y los cerrado en Michel Foucault | |
| 653 | 4 | _aDel exterminio democratico de la democracia | |
| 653 | _aEnfermedad mental o enfermedad moral? | ||
| 653 | _aTesis sociopoliticas sobre las drogas | ||
| 653 | 3 | _aEl porvenir de la etica | |
| 942 |
_2ddc _cBK |
||
| 999 |
_c2343 _d2343 |
||